000 00719cam a22002537a 4500
001 104477
005 20230410132547.0
008 060905s20082006po 000 0 spa
035 _a14818138
010 _a 2007439045
020 _a9722117890
020 _a9789590303876
040 _aDLC
_cDLC
050 1 4 _aPQ 9942.9
_bA447e 2008
100 1 _aAlmeida, Germano.
245 1 0 _aEva /
_cGermano Almeida; trad. de Rodolfo Alpízar.
260 _aLa Habana, Cuba:
_bEditorial Arte y Literatura; Instituto cubano del libro,
_c2008.
300 _a230 p. ;
_c21 cm.
440 0 _aColección Orbis.
650 0 _aLiteratura portuges.
923 _d20070416
_n139563
_sPT-LiPL
942 _2lcc
_cbk
946 _arg
999 _c83723
_d83723